| 000 | 01008nam a22003137a 4500 | ||
|---|---|---|---|
| 003 | CHAP | ||
| 005 | 20220329135308.0 | ||
| 008 | 971013s1983 r 00010 d | ||
| 010 | _a33948 | ||
| 011 | _a34920 | ||
| 035 | _a39036 | ||
| 040 | _cCHAP | ||
| 082 |
_a465.3 _bM4 |
||
| 100 | 0 | 0 |
_aMéndez Alfaro, Medardo. _976464 |
| 245 | _aComunicación agrícola escrita | ||
| 260 |
_aMéxico, D.F. : _bInstituto Nacional de Investigaciones Agrícolas, _c1983 |
||
| 300 | _av | ||
| 490 |
_aTemas didácticos _v; 16 |
||
| 500 | _aLa biblioteca tiene: v.1 Ortografía | ||
| 590 |
_aBATCH-UPD _b10 _c20130110 _lUCH01 _h1610 |
||
| 590 |
_aBATCH-UPD _b10 _c20130410 _lUCH01 _h1005 |
||
| 590 |
_aBATCH-UPD _b10 _c20130914 _lUCH01 _h1320 |
||
| 590 |
_aCONVERSION _b10 _c20130109 _lUCH01 _h1319 |
||
| 650 | 1 | 4 |
_aEspañol _xOrtografía y redacción. _937739 |
| 830 | 0 |
_aTemas didácticos _v; 16 _9112155 |
|
| 901 | _aBK | ||
| 942 | _cLIBRO | ||
| 949 |
_a465.3 M4 _bBC _cLIBRO _d33724002021397 _eLIBRO _fv.1 _h71806 _i39036 _mD _si |
||
| 999 |
_c33948 _d33948 |
||